[Event "Extra League 1999/00"]
[Site "masterchessopen.com Slovakia"]
[Round "5"]
[White "Blaho Stefan (SVK)"]
[Black "Gruca Miroslav (SVK)"]
[Result "1-0"]
[WhiteElo "2180"]
[BlackElo "2204"]

1.d4 d5 2.c4 c6 3.Nc3 Nf6 4.Nf3 dxc4 5.a4 Bf5 6.e3 e6 7.Bxc4 Bb4 8.O-O O-O
9.Qe2 Nbd7 10.e4 Bg6 11.Bd3 Bh5 12.Bf4 Be7 13.a5 Ne8 14.Qe3 Nc7 15.Nd2 c5
16.Qg3 Rc8 17.d5 Bh4 18.Qh3 e5 19.Be3 Bg6 20.Nc4 b5 21.Nd6 Rb8 22.Ndxb5 Bf6
23.Ra2 Ra8 24.Nd6 Rb8 25.a6 Qe7 26.Nb7 Ne8 27.Bb5 Nb6 28.Bxc5 Qc7 29.d6 {#r}
1-0

[Event "It (open)"]
[Site "masterchessopen.com Wattens (Austria)"]
[Round "5"]
[White "Knoll Hermann (AUT)"]
[Black "Sprenger Wendelin (AUT)"]
[Result "1-0"]
[WhiteElo "2318"]
[BlackElo "2181"]

1.d4 d5 2.Nf3 Nf6 3.c4 c6 4.Nc3 dxc4 5.a4 Bf5 6.e3 e6 7.Bxc4 Bb4 8.O-O O-O
9.Qe2 Bg6 10.Ne5 Nbd7 11.Nxg6 hxg6 12.Rd1 a6 13.e4 b5 14.Bb3 Nb6 15.Bg5 Qc7
16.Rac1 Qb7 17.e5 Nfd5 18.Ne4 Nd7 19.Qg4 Rfc8 20.Rd3 bxa4 21.Bxa4 Be7 22.Rb3
N7b6 23.Qh4 Ra7 24.Rh3 f6 25.exf6 Bf8 26.Qh7+ Kf7 27.fxg7 Bxg7 28.Rf3+ {#r}
1-0

[Event "Ch Europe (team) (juniors) (under 18) (g)"]
[Site "masterchessopen.com Balatonlelle (Hungary)"]
[Round "6"]
[White "Vasic Milena (SRB)"]
[Black "Larusdottir Aldis (ISL)"]
[Result "1-0"]
[WhiteElo "2101"]
[BlackElo "1968"]

1.d4 d5 2.c4 c6 3.Nf3 Nf6 4.Nc3 dxc4 5.a4 Bf5 6.e3 e6 7.Bxc4 Bb4 8.O-O O-O
9.Qe2 Nbd7 10.e4 Bg6 11.Bd3 h6 12.e5 Nd5 13.Bxg6 Bxc3 14.bxc3 fxg6 15.c4 Ne7
16.Qe4 Nb6 17.Nd2 Nf5 18.a5 Nc8 19.Nb3 Qh4 20.Qxh4 Nxh4 21.Nc5 Re8 22.Nxb7 Nf5
23.Be3 Rb8 24.Rab1 Nxe3 25.fxe3 Re7 26.Nd8 {#r} 1-0

[Event "Match (team)"]
[Site "masterchessopen.com Buenos Aires (Argentina)"]
[Round "1"]
[White "Quiroga Facundo (ARG)"]
[Black "Labollita Martin (ARG)"]
[Result "1-0"]
[WhiteElo "2398"]
[BlackElo "2350"]

1.d4 d5 2.c4 c6 3.Nf3 Nf6 4.Nc3 dxc4 5.a4 Bf5 6.e3 e6 7.Bxc4 Bb4 8.O-O O-O
9.Qe2 Nbd7 10.Rd1 Qa5 11.e4 Bg6 12.e5 Nd5 13.Nxd5 cxd5 14.Bd3 Rfc8 15.Ng5 Nf8
16.Bxg6 fxg6 17.h4 Qa6 18.Qf3 Rc7 19.Be3 Rac8 20.Rdc1 h6 21.Rxc7 Rxc7 22.Nh3
Rc2 23.Nf4 Qc6 24.Qd1 Be7 25.h5 g5 26.Nd3 Rc4 {#r} 1-0

[Event "Bundesliga 2000/01 (w)"]
[Site "masterchessopen.com Germany"]
[Round "1"]
[White "Elschner Annegret (GER)"]
[Black "Mamedova Rena (GER)"]
[Result "0-1"]
[WhiteElo "2153"]
[BlackElo "2353"]

1.d4 d5 2.c4 dxc4 3.Nf3 Nf6 4.Nc3 c6 5.a4 Bf5 6.e3 e6 7.Bxc4 Bb4 8.O-O O-O
9.Qe2 Nbd7 10.Rd1 Bg6 11.Bd2 Qe7 12.Rac1 Rac8 13.Na2 Bd6 14.Bc3 Ne4 15.Bd3
Ndf6 16.Nd2 Bh5 17.f3 Nxc3 18.Nxc3 e5 19.dxe5 Qxe5 20.g3 Bc5 21.Nc4 Qe7 22.Kg2
Nd5 23.e4 Nc7 24.Ne3 Ne6 25.Qd2 Nd4 26.Nf5 Bxf3+ 27.Kh3 Nxf5 28.exf5 Be3 {#R}
0-1

[Event "Ch Hungary (team) 1999/00 (2 liga)"]
[Site "masterchessopen.com Hungary"]
[Round "8"]
[White "Keresztes Richard (HUN)"]
[Black "Koczo Kristof (HUN)"]
[Result "1-0"]
[WhiteElo "2092"]
[BlackElo "2077"]

1.d4 d5 2.Nf3 Nf6 3.c4 c6 4.Nc3 dxc4 5.a4 Bf5 6.e3 e6 7.Bxc4 Bb4 8.O-O O-O
9.Qe2 Bg4 10.h3 Bh5 11.Rd1 Nbd7 12.e4 h6 13.e5 Nd5 14.Nxd5 exd5 15.Bd3 f5
16.e6 Nb6 17.Bb1 Qe7 18.g4 fxg4 19.Ne5 Qxe6 20.hxg4 Be8 21.Qd3 Rf7 22.Qh7+ Kf8
23.Ng6+ Qxg6 24.Qxg6 Bd7 25.g5 Bg4 26.gxh6 Bxd1 27.h7 Ke7 28.Bg5+ {#r} 1-0

[Event "Olympiad (w)"]
[Site "masterchessopen.com Istanbul (Turkey)"]
[Round "2"]
[White "Mira Helene (AUT)"]
[Black "Hlgatian Goar (ARM)"]
[Result "0-1"]
[WhiteElo "2118"]
[BlackElo "2209"]

1.d4 d5 2.c4 c6 3.Nc3 Nf6 4.Nf3 dxc4 5.a4 Bf5 6.e3 e6 7.Bxc4 Bb4 8.O-O O-O
9.Qe2 Nbd7 10.e4 Bg6 11.e5 Nd5 12.Ne4 Be7 13.Bd2 a5 14.Rac1 Nb4 15.Rfd1 Nb6
16.Bb3 N6d5 17.Bc4 Qb6 18.g4 Rac8 19.Kg2 Rc7 20.Kg3 Rfc8 21.Bg5 Bf8 22.Nh4
Bxe4 23.Qxe4 c5 24.dxc5 Bxc5 25.Rf1 Bd4 26.b3 Nc3 27.Qe1 Rxc4 28.bxc4 Nd3
29.Qxc3 Bxc3 30.Rxc3 Nxe5 31.c5 Qb4 {#R} 0-1

[Event "Cup European Club (final)"]
[Site "masterchessopen.com Neum (Bosnia & Herzegovina)"]
[Round "5"]
[White "Filippov Valerij (RUS)"]
[Black "Braga Fernando (AND)"]
[Result "1-0"]
[WhiteElo "2593"]
[BlackElo "2455"]

1.Nf3 d5 2.d4 Nf6 3.c4 c6 4.Nc3 dxc4 5.a4 Bf5 6.e3 e6 7.Bxc4 Bb4 8.O-O O-O
9.Qe2 Nbd7 10.e4 Bg6 11.Bd3 Bh5 12.e5 Nd5 13.Nxd5 cxd5 14.Qe3 Qe7 15.Ng5 h6
16.Qh3 Be2 17.Bxe2 hxg5 18.Qh5 f5 19.Bxg5 Qf7 20.Qh4 Rfc8 21.Bd3 Nf8 22.g4 Rc7
23.gxf5 exf5 24.Kh1 Ne6 25.Rg1 Rf8 26.Bf6 Be7 27.Bxf5 {#r} 1-0

[Event "Cup European Club (final)"]
[Site "masterchessopen.com Neum (Bosnia & Herzegovina)"]
[Round "3"]
[White "Zoler Dan (ISR)"]
[Black "Benitah Yohan (FRA)"]
[Result "1-0"]
[WhiteElo "2526"]
[BlackElo "2369"]

1.d4 d5 2.c4 c6 3.Nf3 Nf6 4.Nc3 dxc4 5.a4 Bf5 6.e3 e6 7.Bxc4 Bb4 8.O-O O-O
9.Qe2 Bg6 10.Ne5 Nbd7 11.Nxg6 hxg6 12.Rd1 Qa5 13.e4 Nb6 14.Bb3 Bxc3 15.bxc3
Qxc3 16.Rb1 Qb4 17.Rd3 Rfd8 18.Bd2 Qe7 19.a5 Nc8 20.Bg5 e5 21.dxe5 Rxd3
22.Qxd3 Qxe5 23.Bxf7+ Kxf7 24.Qb3+ Ke8 25.Bxf6 gxf6 26.Qxb7 Rb8 27.Qxb8 Qxb8
28.Rxb8 Kd8 29.Rb7 a6 30.h4 {#r} 1-0

[Event "It (open)"]
[Site "masterchessopen.com Porto San Giorgio (Italy)"]
[Round "2"]
[White "Razuvaev Yuri S (RUS)"]
[Black "Middelburg Tom (NED)"]
[Result "1-0"]
[WhiteElo "2555"]
[BlackElo "2328"]

1.d4 d5 2.c4 c6 3.Nf3 Nf6 4.Nc3 dxc4 5.a4 Bf5 6.e3 e6 7.Bxc4 Bb4 8.O-O O-O
9.Qe2 Bg6 10.Ne5 Nbd7 11.Nxg6 hxg6 12.Qc2 Qe7 13.Na2 Bd6 14.e4 Bc7 15.e5 Nd5
16.Nc3 Bb6 17.Rd1 Nb4 18.Qe2 c5 19.d5 exd5 20.Nxd5 Nxd5 21.Rxd5 Rfe8 22.Bg5
Qxg5 23.e6 Qf6 24.exf7+ Qxf7 25.Rxd7 Rxe2 26.Rxf7 Rc2 27.Rf4+ Kh7 28.Rh4# 1-0

[Event "Tournament"]
[Site "masterchessopen.com Quebec (Canada)"]
[Round "1"]
[White "Roussel-Roozmon Thomas (CAN)"]
[Black "Strassmann Swantje (GER)"]
[Result "1-0"]
[WhiteElo "2476"]
[BlackElo "2125"]

1.d4 d5 2.c4 c6 3.Nc3 Nf6 4.Nf3 dxc4 5.a4 Bf5 6.e3 e6 7.Bxc4 Bb4 8.O-O O-O
9.Qe2 Ne4 10.Nxe4 Bxe4 11.Ne5 Nd7 12.f3 Bg6 13.Nxg6 hxg6 14.Rd1 Qh4 15.e4 Bd6
16.f4 Kh7 17.Rd3 Qe7 18.Rh3+ Kg8 19.Qg4 c5 20.e5 Bc7 21.d5 exd5 22.Bxd5 Nb6
23.Qxg6 {#r} 1-0

[Event "It (open)"]
[Site "masterchessopen.com Saint Vincent (Italy)"]
[Round "6"]
[White "Richter Michael (GER)"]
[Black "Hamdouchi Hichem (FRA)"]
[Result "0-1"]
[WhiteElo "2358"]
[BlackElo "2541"]

1.d4 d5 2.c4 c6 3.Nf3 Nf6 4.Nc3 dxc4 5.a4 Bf5 6.e3 e6 7.Bxc4 Bb4 8.O-O O-O
9.Qe2 Bg6 10.Ne5 Nbd7 11.Nxg6 hxg6 12.Rd1 Qa5 13.Bd2 Rad8 14.Ra3 Qc7 15.Rb3 a5
16.f4 Nb6 17.Bd3 c5 18.Nb5 Qc6 19.Bxb4 axb4 20.a5 c4 21.Na7 Qd5 22.axb6 cxb3
23.Bb1 Qd6 24.Qb5 Nd5 {#R} 0-1

[Event "Ch Sweden (team) 1999/00"]
[Site "masterchessopen.com Sweden"]
[Round "5"]
[White "Hallerod Ralph (SWE)"]
[Black "Mansson Lars (SWE)"]
[Result "1-0"]
[WhiteElo "2126"]
[BlackElo "2193"]

1.d4 d5 2.c4 c6 3.Nf3 Nf6 4.Nc3 dxc4 5.a4 Bf5 6.e3 e6 7.Bxc4 Bb4 8.O-O O-O
9.Qe2 Bg6 10.Rd1 Nbd7 11.Ne5 Qa5 12.Nxg6 hxg6 13.Qc2 Rad8 14.e4 e5 15.Be3 Bd6
16.d5 Bb4 17.Na2 cxd5 18.Bxd5 Ng4 19.Bd2 Bxd2 20.Rxd2 Qb6 21.b4 a6 22.a5 Qf6
23.Qd1 Qg5 24.Rc1 Qf4 25.g3 Qh6 26.h4 Qh5 27.Bxb7 g5 28.Rxd7 Rxd7 29.Qxd7 gxh4
30.Rc8 Rxc8 31.Qxc8+ Kh7 32.Qf5+ Qxf5 {#r} 1-0

[Event "President's Cup"]
[Site "masterchessopen.com Abudhabi (United Arab Emirates)"]
[Round "9"]
[White "Tareq H Omran (UAE)"]
[Black "Hassan Abdullah (UAE)"]
[Result "0-1"]
[WhiteElo "2155"]
[BlackElo "2238"]

1.d4 d5 2.c4 c6 3.Nf3 Nf6 4.Nc3 dxc4 5.a4 Bf5 6.e3 e6 7.Bxc4 Bb4 8.Qe2 O-O
9.O-O Bg6 10.Rd1 Qa5 11.Bd2 Nbd7 12.e4 e5 13.d5 Rad8 14.dxc6 bxc6 15.Bb3 Nc5
16.Bc2 Ne6 17.Qc4 Bh5 18.Be3 Ng4 19.Rxd8 Rxd8 20.Qxc6 Nxe3 21.fxe3 Bxf3
22.gxf3 Bc5 23.Re1 Rb8 24.Re2 Rxb2 25.Nd5 Rb8 26.Kg2 Qd8 27.h3 Rc8 28.Qa6 Rb8
29.Bd3 Qh4 30.Qc6 Bf8 31.Bc4 Rb1 32.Nc3 Qg5+ {#R} 0-1

[Event "Simultan"]
[Site "masterchessopen.com Andorra"]
[Round "0"]
[White "Shirov Alexei (ESP)"]
[Black "Rechi Montes Xavier (AND)"]
[Result "1-0"]
[WhiteElo "2706"]
[BlackElo "1900"]

1.d4 d5 2.c4 c6 3.Nc3 Nf6 4.Nf3 dxc4 5.a4 Bf5 6.e3 e6 7.Bxc4 Bb4 8.O-O O-O
9.Qe2 Bg4 10.h3 Bh5 11.g4 Bg6 12.Ne5 Nbd7 13.f4 Bxc3 14.bxc3 Be4 15.Ba3 Re8
16.Kh2 Nd5 17.Rac1 f6 18.Nf3 Qa5 19.Bb3 b5 20.c4 bxa4 21.Bc2 Bxc2 22.cxd5 Bb3
23.dxc6 Nb6 24.Rc5 {#r} 1-0

[Event "Tournament \"]
[Site "masterchessopen.com Campo Grande (Portugal)"]
[Round "3"]
[White "Ferreira Nelson (POR)"]
[Black "Castanheira Antonio (POR)"]
[Result "1-0"]
[WhiteElo "2208"]
[BlackElo "2011"]

1.Nf3 d5 2.d4 Nf6 3.c4 c6 4.Nc3 dxc4 5.a4 Bf5 6.e3 e6 7.Bxc4 Bb4 8.O-O O-O
9.Qe2 Nbd7 10.Rd1 Qc7 11.Bd2 Bg6 12.Rdc1 Rac8 13.Bd3 Bxd3 14.Qxd3 Qb8 15.Qc4
a5 16.Nb1 Bxd2 17.Nbxd2 e5 18.Qc3 exd4 19.exd4 Qa7 20.Nc4 Ra8 21.Re1 Nd5
22.Qd2 N7f6 23.Nce5 Rad8 24.Rac1 Nb4 25.Qf4 Qa6 26.Qf5 Rd6 27.Ng5 g6 28.Qh3
Nbd5 29.Qh6 Qa8 30.Re4 Ne7 31.Ng4 Re8 32.Rxe7 {#r} 1-0

[Event "It (open) \"]
[Site "masterchessopen.com Copenhagen (Denmark)"]
[Round "2"]
[White "Kongsted Halfdan (DEN)"]
[Black "De Blecourt Sandra (DEN)"]
[Result "1-0"]
[WhiteElo "2225"]
[BlackElo "2054"]

1.d4 d5 2.c4 c6 3.Nc3 Nf6 4.Nf3 dxc4 5.a4 Bf5 6.e3 e6 7.Bxc4 Bb4 8.O-O O-O
9.Qe2 Bg6 10.Ne5 Bh5 11.f3 Nd5 12.Bd2 Nb6 13.Bb3 N8d7 14.Nd3 c5 15.Nxb4 cxb4
16.Ne4 a5 17.Ng3 Bg6 18.e4 e5 19.Be3 Qe7 20.Qb5 Rfc8 21.Rac1 exd4 22.Bxd4 Qd6
23.Be3 Rc6 24.Rfd1 Qc7 25.Ne2 Re8 26.Bf4 Ne5 27.Bxe5 Rxe5 28.Qxe5 {#r} 1-0

[Event "Bayern Regionalliga Southeast 2001/02"]
[Site "masterchessopen.com Germany"]
[Round "1"]
[White "Nikolac Juraj (CRO)"]
[Black "Sprenger Wendelin (AUT)"]
[Result "1-0"]
[WhiteElo "2448"]
[BlackElo "2180"]

1.d4 d5 2.c4 c6 3.Nc3 Nf6 4.Nf3 dxc4 5.a4 Bf5 6.e3 e6 7.Bxc4 Bb4 8.O-O O-O
9.Qe2 Bg6 10.Ne5 Bh5 11.g4 Bg6 12.Rd1 Qa5 13.Bd2 Nbd7 14.Nxg6 hxg6 15.Be1 Rfd8
16.Qf3 e5 17.h4 exd4 18.exd4 Qc7 19.Bb3 Nf8 20.g5 Nh5 21.Nb5 cxb5 22.Bxb4 Qf4
23.Qxf4 Nxf4 24.d5 a5 25.Bc5 bxa4 26.Rxa4 Nd7 27.Be3 Nh5 28.d6 b5 29.Re4 Ra6
30.Re7 {#r} 1-0

[Event "It (cat.5)"]
[Site "masterchessopen.com Groningen (Netherlands)"]
[Round "3"]
[White "Werle Jan (NED)"]
[Black "L'Ami Erwin (NED)"]
[Result "1-0"]
[WhiteElo "2459"]
[BlackElo "2344"]

1.Nf3 d5 2.d4 Nf6 3.c4 c6 4.Nc3 dxc4 5.a4 Bf5 6.e3 e6 7.Bxc4 Bb4 8.O-O O-O
9.Qe2 Bg6 10.Ne5 Nbd7 11.Nxg6 hxg6 12.Rd1 Qa5 13.Bd2 Rad8 14.Be1 Nb6 15.Bb3 e5
16.dxe5 Qxe5 17.Qc2 Rxd1 18.Rxd1 Ng4 19.h3 Qh2+ 20.Kf1 Qh1+ 21.Ke2 Nh2 22.Qe4
Qf1+ 23.Kd2 Bxc3+ 24.Kxc3 Rc8 25.Kc2 c5 26.Kb1 c4 27.Bc2 c3 28.Bxc3 Qxf2
29.Qe5 f6 30.Bb3+ {#r} 1-0

[Event "Ch Club \"]
[Site "masterchessopen.com Kharkov (Ukraine)"]
[Round "3"]
[White "Kostiuk Tatiana (UKR)"]
[Black "Romashko Andrey (UKR)"]
[Result "1-0"]
[WhiteElo "2232"]
[BlackElo "2075"]

1.d4 d5 2.c4 c6 3.Nf3 Nf6 4.Nc3 dxc4 5.a4 Bf5 6.e3 e6 7.Bxc4 Bb4 8.O-O O-O
9.Qe2 Bg4 10.Rd1 Nbd7 11.e4 Re8 12.Bg5 Bxc3 13.bxc3 Qa5 14.Bd2 e5 15.Bd3 Qc7
16.Re1 Qd6 17.h3 Bh5 18.g4 Nxg4 19.hxg4 Bxg4 20.Kg2 Re6 21.Qe3 Rae8 22.Ng5 Rg6
23.f3 h6 24.fxg4 Rxg5 25.Qg3 Rg6 26.Be3 Qe6 27.g5 hxg5 28.Rh1 Qb3 29.Qh3 f5
30.Qxf5 Nf8 31.Raf1 g4 32.Qh5 {#r} 1-0

[Event "Memorial Stepanov (open)"]
[Site "masterchessopen.com Krasnodar (Russia)"]
[Round "0"]
[White "Emelianov Sergey (RUS)"]
[Black "Grinev Boris (RUS)"]
[Result "1-0"]
[WhiteElo "2290"]
[BlackElo "2129"]

1.d4 Nf6 2.Nf3 d5 3.c4 c6 4.Nc3 dxc4 5.a4 Bf5 6.e3 e6 7.Bxc4 Bb4 8.O-O O-O
9.Qe2 a5 10.Rd1 Qc7 11.e4 Bg4 12.h3 Bh5 13.Bg5 Nbd7 14.Rac1 h6 15.Bh4 Bxc3
16.Bg3 Qc8 17.bxc3 Nb6 18.Bb3 Re8 19.c4 Nbd7 20.Bd6 Bxf3 21.Qxf3 e5 22.c5 exd4
23.Rxd4 Ne5 24.Qg3 Ng6 25.Qxg6 {#r} 1-0

[Event "Ch Sweden (seniors)"]
[Site "masterchessopen.com Linkoping (Sweden)"]
[Round "4"]
[White "Nystrom Ragnar (SWE)"]
[Black "Sandklef Ake (SWE)"]
[Result "1-0"]
[WhiteElo "2167"]
[BlackElo "2008"]

1.d4 d5 2.c4 c6 3.Nf3 Nf6 4.Nc3 dxc4 5.a4 Bf5 6.e3 e6 7.Bxc4 Bb4 8.O-O O-O
9.Qe2 Nbd7 10.e4 Bg6 11.e5 Nd5 12.Ne4 Re8 13.Bg5 Qc7 14.Rac1 h6 15.Bd2 Be7
16.Rfd1 a5 17.h3 N7b6 18.Bb3 Nb4 19.g4 Qd8 20.Kg2 N6d5 21.h4 h5 22.Nfg5 Bxg5
23.hxg5 Bxe4+ 24.Qxe4 hxg4 25.Rh1 g6 26.Qxg4 Kf8 27.Rh7 Ke7 28.Rch1 Qd7
29.Rxf7+ {#r} 1-0

[Event "Ch Canada (juniors) (under 18)"]
[Site "masterchessopen.com Montreal (Canada)"]
[Round "1"]
[White "Gurevich Artjom (CAN)"]
[Black "Haynes Nicolas (CAN)"]
[Result "1-0"]
[WhiteElo "2196"]
[BlackElo "2173"]

1.d4 d5 2.Nf3 Nf6 3.c4 c6 4.Nc3 dxc4 5.a4 Bf5 6.e3 e6 7.Bxc4 Bb4 8.O-O O-O
9.Qe2 Bg4 10.Rd1 Nbd7 11.e4 Bxf3 12.Qxf3 e5 13.d5 Qc7 14.dxc6 bxc6 15.Bg5 h6
16.Be3 Rab8 17.Rd2 Qa5 18.Rc2 Rb7 19.Ne2 Ne8 20.Ng3 Nd6 21.Nf5 Nxf5 22.Qxf5
Bc5 23.Bxh6 Be7 24.Bxg7 Kxg7 25.Rc3 Nf6 26.Rg3+ Kh8 27.Rh3+ {#r} 1-0

[Event "Ch World (juniors) (under 18)"]
[Site "masterchessopen.com Oropesa (Spain)"]
[Round "4"]
[White "Werle Jan (NED)"]
[Black "Sadykov Rustem (KAZ)"]
[Result "1-0"]
[WhiteElo "2459"]
[BlackElo "2290"]

1.Nf3 d5 2.d4 Nf6 3.c4 c6 4.Nc3 dxc4 5.a4 Bf5 6.e3 e6 7.Bxc4 Bb4 8.O-O O-O
9.Qe2 Nbd7 10.e4 Bg6 11.Bd3 Bh5 12.e5 Nd5 13.Nxd5 cxd5 14.Qe3 h6 15.Bd2 Qe7
16.Bxb4 Qxb4 17.Nh4 f5 18.exf6 Rxf6 19.f4 Nb8 20.h3 Nc6 21.g4 Be8 22.Nf3 Qd6
23.Ne5 Nb4 24.g5 hxg5 25.fxg5 Rxf1+ 26.Rxf1 Nxd3 27.Qxd3 Qe7 28.Qg3 Rc8 29.g6
Bxa4 30.Qg4 Rf8 31.Rf7 Qb4 32.Qh4 {#r} 1-0

[Event "Ch Portugal (team)"]
[Site "masterchessopen.com Portugal"]
[Round "6"]
[White "Damaso Rui (POR)"]
[Black "Van Den Berg Imme (NED)"]
[Result "1-0"]
[WhiteElo "2414"]
[BlackElo "1979"]

1.d4 d5 2.c4 c6 3.Nc3 Nf6 4.Nf3 dxc4 5.a4 Bf5 6.e3 e6 7.Bxc4 Bb4 8.O-O O-O
9.Qe2 Bg6 10.Ne5 Nbd7 11.Nxg6 hxg6 12.Rd1 Qe7 13.e4 e5 14.d5 cxd5 15.Nxd5 Nxd5
16.Bxd5 Rab8 17.a5 Rfc8 18.h4 Nf6 19.Bg5 Qe8 20.Bb3 Rd8 21.Rdc1 Rdc8 22.Qe3
Rc6 23.Rxc6 bxc6 24.Qxa7 Rb5 25.Be3 Nxe4 26.a6 Nd6 27.Qc7 Rb8 28.a7 Rc8
29.Qxc8 {#r} 1-0

[Event "It (open)"]
[Site "masterchessopen.com San Agustin (Spain)"]
[Round "4"]
[White "Werle Jan (NED)"]
[Black "Hanley Craig (ENG)"]
[Result "1-0"]
[WhiteElo "2459"]
[BlackElo "2303"]

1.Nf3 d5 2.d4 Nf6 3.c4 c6 4.Nc3 dxc4 5.a4 Bf5 6.e3 e6 7.Bxc4 Bb4 8.O-O O-O
9.Qe2 Bg6 10.Ne5 Nbd7 11.Nxg6 hxg6 12.Rd1 Qa5 13.Na2 Bd6 14.e4 e5 15.dxe5 Qxe5
16.f4 Bc5+ 17.Kf1 Qe7 18.e5 Nd5 19.Bxd5 cxd5 20.Nc3 d4 21.Nd5 Qh4 22.b4 Nb6
23.Nc7 Bxb4 24.a5 Nd7 25.Nxa8 Rxa8 26.Rxd4 Bc3 27.Rxd7 {#r} 1-0

[Event "Verbandsliga Baden North 2000/01"]
[Site "masterchessopen.com Germany"]
[Date "2001.01.14"]
[Round "5"]
[White "Karst Elmar (GER)"]
[Black "Kolb Hans-Martin (GER)"]
[Result "1-0"]
[WhiteElo "2277"]
[BlackElo "2218"]

1.d4 d5 2.Nf3 Nf6 3.c4 c6 4.Nc3 dxc4 5.a4 Bf5 6.e3 e6 7.Bxc4 Bb4 8.O-O O-O
9.Qe2 Re8 10.Ne5 Nbd7 11.f3 Nb6 12.Bb3 a5 13.Kh1 Nfd7 14.e4 Bg6 15.Be3 Nxe5
16.dxe5 Nd7 17.Rad1 Qc7 18.Bf2 Nxe5 19.Bg3 Bh5 20.Bxe5 Qxe5 21.g4 Bxc3 22.gxh5
Bb4 23.f4 Qf6 24.e5 Qh4 25.f5 exf5 26.Rxf5 Red8 27.Rdf1 Rd2 28.Rxf7 Kh8
29.Qxd2 {#r} 1-0

[Event "Ukrainian Games (youth)"]
[Site "masterchessopen.com Evpatoria (Ukraine)"]
[Round "9"]
[White "Papenin Nikolai (UKR)"]
[Black "Galamba Stanislaw (UKR)"]
[Result "1-0"]
[WhiteElo "2390"]
[BlackElo "2108"]

1.d4 d5 2.c4 c6 3.Nf3 Nf6 4.Nc3 dxc4 5.a4 Bf5 6.e3 e6 7.Bxc4 Bb4 8.O-O O-O
9.Qe2 Bg6 10.Ne5 c5 11.Na2 Qe7 12.Nxb4 cxb4 13.a5 Nc6 14.Nxg6 hxg6 15.a6 bxa6
16.Rxa6 Rfc8 17.Qf3 Qc7 18.Bd3 Nd5 19.h4 Qb7 20.h5 gxh5 21.Qxh5 Nf6 22.Qf3
Rab8 23.Bd2 e5 24.d5 e4 25.dxc6 Rxc6 26.Qf4 Rd8 27.Bxe4 Qxa6 28.Bxc6 Rxd2
29.Qb8+ Kh7 30.Qxb4 Rc2 31.Bb5 Qc8 32.Bd3+ {#r} 1-0

[Event "It (open)"]
[Site "masterchessopen.com Ikaria (Greece)"]
[Round "2"]
[White "Antic Dejan (SRB)"]
[Black "Tzolas Georgios (GRE)"]
[Result "1-0"]
[WhiteElo "2448"]
[BlackElo "2157"]

1.d4 d5 2.c4 c6 3.Nf3 Nf6 4.Nc3 dxc4 5.a4 Bf5 6.e3 e6 7.Bxc4 Bb4 8.O-O O-O
9.Qe2 Nbd7 10.e4 Bg6 11.Bd3 a5 12.h3 Nb6 13.Rd1 Bh5 14.g4 Bg6 15.Bc2 Qc7
16.Ne5 Nfd7 17.Nd3 f5 18.Nf4 Bf7 19.gxf5 exf5 20.e5 Bc4 21.Qh5 Nxe5 22.dxe5
Qxe5 23.Be3 Bd6 24.Rd4 g5 25.Qxg5+ Kh8 26.Ng6+ hxg6 27.Qh6+ {#r} 1-0

[Event "It (open) \"]
[Site "masterchessopen.com Izmir (Turkey)"]
[Round "1"]
[White "Mchedlishvili Mikheil (GEO)"]
[Black "Yucel Munir (TUR)"]
[Result "1-0"]
[WhiteElo "2566"]
[BlackElo "1947"]

1.d4 d5 2.c4 c6 3.Nf3 Nf6 4.Nc3 dxc4 5.a4 Bf5 6.e3 e6 7.Bxc4 Bb4 8.O-O O-O
9.Qe2 Ne4 10.Bd3 Bxc3 11.bxc3 Qxd4 12.cxd4 Nc3 13.Qc2 Bxd3 14.Qxd3 Nd5 15.Rb1
a5 16.Ba3 Nb4 17.Bxb4 axb4 18.Rxb4 c5 19.Rxb7 cxd4 20.exd4 Rxa4 21.Rfb1 Ra8
22.Ne5 Na6 23.Rd7 Rab8 24.Qf3 Nc7 25.Rd1 Nd5 26.g3 Ne7 27.Ra7 h5 28.Kg2 Nc8
29.Nc4 h4 {#r} 1-0

[Event "It (open) \"]
[Site "masterchessopen.com Kharkov (Ukraine)"]
[Round "9"]
[White "Kurochkin Valery (UKR)"]
[Black "Maratkanov Evgeny (UKR)"]
[Result "0-1"]
[WhiteElo "2052"]
[BlackElo "2113"]

1.Nf3 d5 2.d4 Nf6 3.c4 c6 4.Nc3 dxc4 5.a4 Bf5 6.e3 e6 7.Bxc4 Bb4 8.O-O O-O
9.Qe2 Bg6 10.Ne5 Nbd7 11.Nd3 Bxd3 12.Bxd3 e5 13.Qc2 Bd6 14.Bd2 Qe7 15.f4 exd4
16.exd4 Nb6 17.Rae1 Qc7 18.Ne4 Nbd5 19.Nxd6 Qxd6 20.Qc5 Qc7 21.Bb1 Qb6 22.b4
Rad8 23.a5 Qxc5 24.dxc5 Nc7 25.Rf2 Rfe8 26.Rfe2 Rxd2 27.Rxe8+ Nfxe8 {#R} 0-1

[Event "Memorial Pablo Gorbea (open)"]
[Site "masterchessopen.com Madrid (Spain)"]
[Round "2"]
[White "Carceles Ruiz Francisco (ESP)"]
[Black "Perez Luis Manuel (CUB)"]
[Result "0-1"]
[WhiteElo "2057"]
[BlackElo "2389"]

1.d4 d5 2.c4 c6 3.Nf3 Nf6 4.Nc3 dxc4 5.a4 Bf5 6.e3 e6 7.Bxc4 Bb4 8.O-O O-O
9.Qe2 Ne4 10.Na2 Bd6 11.b4 Qf6 12.Bd3 Qh6 13.h3 Nd7 14.Nd2 Ndf6 15.Nc4 Bc7
16.Bb2 Qg6 17.Ne5 Bxe5 18.dxe5 Ng3 19.fxg3 Bxd3 20.Qf3 Ne4 21.Rfd1 Rad8 22.Bd4
Bc2 23.Rdc1 Bb3 24.Nc3 Nxg3 25.Kh2 Nf5 26.Ne2 Bd5 27.Qf2 Nxd4 28.exd4 f6
29.Nf4 fxe5 30.Nxg6 Rxf2 31.Ne7+ Kf7 32.Nxd5 Rxd5 {#R} 0-1

[Event "Ch Russia (1/2 final)"]
[Site "masterchessopen.com Novosibirsk (Russia)"]
[Round "2"]
[White "Chuprov Dmitry (RUS)"]
[Black "Kirillov Andrey (RUS)"]
[Result "1-0"]
[WhiteElo "2494"]
[BlackElo "2394"]

1.c4 Nf6 2.d4 c6 3.Nc3 d5 4.Nf3 dxc4 5.a4 Bf5 6.e3 e6 7.Bxc4 Bb4 8.O-O O-O
9.Qe2 Bg6 10.Ne5 Nbd7 11.Nxg6 hxg6 12.Rd1 Qa5 13.Bd2 e5 14.d5 e4 15.dxc6 bxc6
16.Nxe4 Ne5 17.Nxf6+ gxf6 18.Bxb4 Qxb4 19.Rd4 Qb6 20.a5 Qc7 21.Ba2 Rad8 22.f4
Nd7 23.Rad1 c5 24.Qg4 cxd4 25.Qxg6+ Kh8 26.Qh6+ Kg8 27.Bb1 {#r} 1-0